[Event "I dun give a shit mon "]
[Site "http://www.queenalice.com/game.php?id=144463"]
[Date "2006.12.21"]
[Round "-"]
[White "North44"]
[Black "someone"]
[Result "1-0"]
[WhiteElo "1624"]
[BlackElo "1453"]

1. e4 c5 2. Nf3 d6 3. Nc3 g6 4. Bc4 e6 5. O-O Bg7 6. d4 Nd7 7. Ng5 Ne7 8. Qf3
O-O 9. Nb5 a6 10. Nxd6 Nb6 11. Qh3 Qxd6 12. Qxh7# 1-0

[Event "clearness is obscurity; obscurit"]
[Site "http://www.queenalice.com/game.php?id=144985"]
[Date "2006.12.22"]
[Round "-"]
[White "someone"]
[Black "North44"]
[Result "1-0"]
[WhiteElo "1480"]
[BlackElo "1634"]

1. d4 e6 2. c4 d5 3. Nc3 Nf6 4. Bg5 Be7 5. e3 O-O 6. Rc1 Ng4 7. Bxe7 Qxe7 8.
Qxg4 e5 9. Nxd5 Qd8 10. Qe4 Nd7 11. Nf3 c6 12. Bd3 f5 13. Qxf5 Rxf5 14. Bxf5
cxd5 15. cxd5 Qa5+ 16. Nd2 Qxd5 17. b3 b5 18. O-O Bb7 19. Be4 Qd6 20. Bxb7 Rf8
21. Bc6 Nb6 22. Bxb5 Qa3 23. Nc4 Qxa2 24. Nxb6 axb6 25. dxe5 Kh8 26. e6 Qa8 27.
Rc7 h6 28. Rfc1 Re8 29. Bxe8 Qxe8 30. Rc8 1-0

[Event "To The Next Level"]
[Site "http://www.queenalice.com/game.php?id=155310"]
[Date "2007.1.17"]
[Round "-"]
[White "North44"]
[Black "someone"]
[Result "1-0"]
[WhiteElo "1625"]
[BlackElo "1562"]

1. e4 c5 2. Nf3 e6 3. d4 cxd4 4. Nxd4 Nc6 5. Nc3 Bb4 6. a3 Bc5 7. Nf3 Nf6 8. Be3
Bxe3 9. fxe3 O-O 10. Qe2 d5 11. O-O-O Qe7 12. e5 Ne4 13. Nxe4 dxe4 14. Nd2 b6
15. Nxe4 Bb7 16. Qh5 h6 17. Bd3 Rad8 18. Nf6+ Kh8 19. Rhf1 Nxe5 20. Qxe5 gxf6
21. Rxf6 Kg7 22. Rf4+ f6 23. Rg4+ Kf7 24. Qh5# 1-0

[Event "Respectfully, I challenge"]
[Site "http://www.queenalice.com/game.php?id=159786"]
[Date "2007.1.27"]
[Round "-"]
[White "North44"]
[Black "Nunes"]
[Result "0-1"]
[WhiteElo "1655"]
[BlackElo "1707"]

1. e4 e5 2. Nc3 Nf6 3. Nf3 d6 4. d4 exd4 5. Nxd4 Be7 6. Bd3 O-O 7. O-O Be6 8.
Nxe6 fxe6 9. Qf3 Nd5 10. Qg3 Nxc3 11. bxc3 Bf6 12. Bd2 Nd7 13. Rab1 Nc5 14. Qh3
b6 15. Bc4 Qe7 16. Be3 Nxe4 17. Bxe6+ Kh8 18. Bf5 g6 19. Bxg6 Bxc3 20. Rbd1 Bf6
21. Rfe1 Bh4 22. Bxe4 Qxe4 23. g3 Bf6 24. Bd4 Qxc2 25. Be3 Rae8 26. Rd2 Qg6 27.
a4 Bc3 28. Qd7 Bxd2 29. Bxd2 Rxe1+ 30. Bxe1 Qb1 31. Qe7 Kg8 32. Kg2 Qf5 33. Qxc7
Qe4+ 34. Kh3 Qxe1 35. Qc4+ Kh8 36. Qd4+ Qe5 37. Qd3 Rxf2 0-1

[Event "Canuk Redux"]
[Site "http://www.queenalice.com/game.php?id=159788"]
[Date "2007.1.27"]
[Round "-"]
[White "North44"]
[Black "trompmaster"]
[Result "0-1"]
[WhiteElo "1663"]
[BlackElo "1881"]

1. e4 d6 2. Nc3 e5 3. Nf3 Nd7 4. d4 c6 5. Be3 h6 6. h4 g6 7. Qe2 Bg7 8. O-O-O
Qc7 9. g3 Ngf6 10. Bh3 a6 11. g4 b5 12. a3 a5 13. d5 b4 14. Nb1 c5 15. g5 Ba6
16. Qe1 Nh5 17. Bxd7+ Qxd7 18. axb4 axb4 19. Nfd2 Nf4 20. Bxf4 exf4 21. c3 Bd3
22. c4 Qa4 23. Nb3 Qxb3 24. Rxd3 Qxd3 25. Qd2 Qxc4+ 26. Qc2 Bxb2+ 27. Kd1 Qd4+
28. Ke2 hxg5 29. Rd1 f3+ 30. Kxf3 Qf6+ 31. Ke2 Rxh4 32. Rd3 g4 33. Qc4 Rh2 34.
Qb5+ Kf8 35. Nd2 Rxf2+ 36. Kd1 Ra1+ 37. Kc2 Rc1+ 38. Kb3 Rxd2 0-1

[Event "Bobby Fischer, I am not."]
[Site "http://www.queenalice.com/game.php?id=159789"]
[Date "2007.1.27"]
[Round "-"]
[White "someone"]
[Black "North44"]
[Result "0-1"]
[WhiteElo "1569"]
[BlackElo "1638"]

1. d4 d5 2. Nc3 e6 3. a3 Nf6 4. e3 Nc6 5. Be2 Bd6 6. Nh3 O-O 7. O-O a6 8. Qd3 e5
9. Ng5 e4 10. Ncxe4 dxe4 11. Qc4 Qe7 12. d5 Ne5 13. Qa4 c6 14. dxc6 Nxc6 15. h4
h6 16. Nh3 Qe5 17. g3 Bxh3 18. f4 exf3 19. Rxf3 Bg4 20. Rf2 Bxe2 21. Rxe2 Qxg3+
22. Rg2 Qe1# 0-1

[Event "Unlike any game ever before"]
[Site "http://www.queenalice.com/game.php?id=163875"]
[Date "2007.2.5"]
[Round "-"]
[White "North44"]
[Black "someone"]
[Result "1-0"]
[WhiteElo "1651"]
[BlackElo "1556"]

1. e4 e5 2. Nf3 Nc6 3. Nc3 Nf6 4. b4 Bxb4 5. Bc4 Bc5 6. O-O d6 7. Ng5 Bg4 8.
Bxf7+ Ke7 9. Nd5+ Nxd5 10. Qxg4 h6 11. Bxd5 hxg5 12. Qe6+ Kf8 13. Qf7# 1-0

[Event "Unlike any game ever before  v. "]
[Site "http://www.queenalice.com/game.php?id=163880"]
[Date "2007.2.5"]
[Round "-"]
[White "someone"]
[Black "North44"]
[Result "1-0"]
[WhiteElo "1555"]
[BlackElo "1656"]

1. e4 e5 2. Nf3 d6 3. Be2 Nc6 4. O-O Nf6 5. c3 Nxe4 6. d4 d5 7. a3 Qf6 8. Be3
Qg6 9. dxe5 Bg4 10. Nh4 Qh5 11. f3 Qxh4 12. fxg4 Nxe5 13. Qxd5 Bd6 14. Qxe4 O-O
15. Nd2 Nxg4 16. Qxg4 Qxh2+ 17. Kf2 b5 18. Bxb5 Rab8 19. Bd4 f6 20. Rh1 Qf4+ 21.
Qxf4 Bxf4 22. Bc4+ Kh8 23. Nb3 Rb7 24. Nc5 Rxb2+ 25. Be2 Re8 26. Nd3 Rbxe2+ 27.
Kf3 Bd2 28. Rad1 Bxc3 29. Bxc3 R8e3+ 30. Kf4 Re4+ 31. Kf3 h6 32. Rde1 R4e3+ 33.
Kf4 Re4+ 34. Kf5 R4e3 35. Rh3 Re8 36. Rxe2 Rxe2 37. Nf4 Rc2 38. Re3 Kg8 39. Kg6
Kf8 40. g4 a6 41. Ne6+ Ke7 42. Nxc7+ Kd7 43. Nxa6 Kd6 44. Kxg7 Ra2 45. Bb4+ Kc6
46. Re6+ Kb5 47. Re4 Kxa6 48. Kxh6 Kb5 49. Rf4 Rg2 50. Kg6 f5 51. Kxf5 Ka4 52.
g5 Kb5 53. g6 Ka4 54. Kf6 Kb5 55. g7 Ka4 56. Kf7 Kb5 57. Rf6 Rxg7+ 58. Kxg7 Kc4
59. Rd6 1-0

[Event "AUTO-INT-429"]
[Site "http://www.queenalice.com/game.php?id=201249"]
[Date "2007.4.23"]
[Round "1"]
[White "SGrillo"]
[Black "North44"]
[Result "1-0"]
[WhiteElo "1610"]
[BlackElo "1655"]

1. e4 e5 2. Nf3 Nc6 3. Bb5 Nf6 4. Bxc6 dxc6 5. d3 Bc5 6. h3 O-O 7. O-O Re8 8.
Bg5 Qd6 9. Bxf6 Qxf6 10. Nbd2 Qg6 11. Kh2 Qh6 12. Ng1 Qf4+ 13. g3 Qh6 14. Ndf3
g5 15. Qd2 f6 16. c3 Be7 17. Qe2 g4 18. Nd2 gxh3 19. Ndf3 Qh5 20. Nh4 Bg4 21.
Qe3 c5 22. c4 f5 23. Nxf5 Bxf5 24. exf5 Qxf5 25. Nxh3 a5 26. Rae1 Rf8 27. Qe4
Bd6 28. Qxf5 Rxf5 29. Re4 Raf8 30. Rg4+ Kf7 31. Ng5+ Kg6 32. Ne6+ Kh5 33. Rh4+
Kg6 34. Nxf8+ Rxf8 35. Kg2 h5 36. Rfh1 Rh8 37. g4 Rg8 38. Rxh5 Be7 39. Rh7 Bg5
40. Rxc7 Rd8 41. Rxb7 Rxd3 42. Rb5 Rd4 43. Rxc5 Rxg4+ 44. Kf1 Bf6 45. Rg1 Kf5
46. Rxg4 Kxg4 47. Rxa5 e4 48. c5 Bxb2 49. c6 1-0

[Event "AUTO-INT-429"]
[Site "http://www.queenalice.com/game.php?id=201250"]
[Date "2007.4.23"]
[Round "1"]
[White "North44"]
[Black "SGrillo"]
[Result "1-0"]
[WhiteElo "1641"]
[BlackElo "1584"]

1. e4 e5 2. Nf3 d6 3. c4 Bg4 4. Qa4+ Qd7 5. Qxd7+ Nxd7 6. Be2 Bxf3 7. Bxf3 Nb6
8. d3 Be7 9. O-O h6 10. a4 Nf6 11. a5 Nbd7 12. b4 O-O 13. Bb2 c5 14. Ba3 cxb4
15. Bxb4 a6 16. Nc3 Rfc8 17. Be2 Nc5 18. Rfb1 Rab8 19. Ra3 Nfd7 20. Nd5 Bf8 21.
Rd1 f6 22. f4 exf4 23. Nxf4 Ne5 24. d4 Nxe4 25. dxe5 dxe5 26. Bxf8 Kxf8 27. Ng6+
Kf7 28. Bh5 Ng5 29. Nxe5+ Ke6 30. Nd7 Ra8 31. Re3+ Kf5 32. Rf1+ Nf3+ 33. Bxf3
Kf4 34. Re7 Rxc4 35. Bd5+ 1-0

[Event "AUTO-INT-429"]
[Site "http://www.queenalice.com/game.php?id=201265"]
[Date "2007.4.23"]
[Round "1"]
[White "North44"]
[Black "Dangermouse"]
[Result "0-1"]
[WhiteElo "1686"]
[BlackElo "1636"]

1. e4 e6 2. Nc3 d5 3. Nge2 Bb4 4. Nd4 Bxc3 5. bxc3 dxe4 6. Qe2 Nf6 7. d3 exd3 8.
cxd3 O-O 9. Qf3 Qd5 10. Qg3 Re8 11. Be2 e5 12. Nf5 Bxf5 13. O-O Re7 14. a4 e4
15. c4 Qd4 16. Be3 Qd6 17. Qg5 exd3 18. c5 Qd5 19. Rad1 Re5 20. Qg3 Nc6 21. Bf3
Be4 22. Rb1 Bxf3 23. gxf3 b6 24. Bf4 Rf5 25. Bh6 g6 26. f4 Ne4 27. Qe3 Rh5 28.
f5 g5 29. f3 Nxc5 30. Bxg5 Qxf5 31. Bf4 Qe6 32. Rfe1 Qxe3+ 33. Rxe3 Rd8 34. Bxc7
Rd7 35. Bf4 Rhd5 36. Bh6 Re7 37. Kf2 f6 38. a5 Rxe3 39. Bxe3 d2 40. Rd1 Nb3 41.
axb6 axb6 42. Bxb6 Ncd4 43. Ke3 Nc2+ 0-1

[Event "AUTO-INT-429"]
[Site "http://www.queenalice.com/game.php?id=201266"]
[Date "2007.4.23"]
[Round "1"]
[White "Dangermouse"]
[Black "North44"]
[Result "0-1"]
[WhiteElo "1686"]
[BlackElo "1663"]

1. d4 d5 2. c4 Nf6 3. Bg5 Ne4 4. Nf3 h6 5. Bd2 e6 6. e3 a5 7. cxd5 Qxd5 8. Nc3
Nxc3 9. bxc3 Be7 10. a4 O-O 11. Be2 b6 12. O-O c5 13. Rb1 Nd7 14. Bb5 Nf6 15.
Bd3 Rb8 16. dxc5 Qxc5 17. Rb5 Qc7 18. e4 Bd7 19. Rb1 Bc5 20. g3 Ng4 21. Bf4 e5
22. Bd2 b5 23. Bxb5 Bxb5 24. Rxb5 Rxb5 25. axb5 Qb6 26. Qe2 a4 27. Ra1 a3 28.
Bc1 Ra8 29. Be3 Bxe3 30. fxe3 Nxe3 31. Kh1 Ng4 32. h3 Qf2 33. Qxf2 Nxf2+ 34. Kg2
Nxe4 35. Nxe5 Nxc3 36. Nc4 a2 37. Kf2 Rd8 38. Nb2 Rd2+ 0-1

[Event "AUTO-INT-429"]
[Site "http://www.queenalice.com/game.php?id=201267"]
[Date "2007.4.23"]
[Round "1"]
[White "North44"]
[Black "Renatogr90"]
[Result "1-0"]
[WhiteElo "1682"]
[BlackElo "1388"]

1. e4 e5 2. Nf3 Nc6 3. Nc3 Nf6 4. a4 d5 5. exd5 Nxd5 6. Bc4 Nxc3 7. bxc3 Bg4 8.
O-O Bxf3 9. Qxf3 f6 10. a5 a6 11. d4 exd4 12. Re1+ Be7 13. Qh5+ g6 14. Qh6 Qd6
15. Bf4 Ne5 16. Qg7 O-O-O 17. Qh6 g5 18. Bxe5 fxe5 19. Qxd6 Bxd6 20. Be6+ Kb8
21. c4 Ka7 22. Rab1 Rhe8 23. Bf5 Rh8 24. Be4 c6 25. g4 h5 26. Rb3 hxg4 27. Reb1
Rd7 28. Kg2 Rf8 29. Bg6 Bc7 30. Rxb7+ Ka8 31. Be4 Rf6 32. Kg3 Rf4 33. Bxc6 e4
34. Rxc7# 1-0

[Event "AUTO-INT-429"]
[Site "http://www.queenalice.com/game.php?id=201268"]
[Date "2007.4.23"]
[Round "1"]
[White "Renatogr90"]
[Black "North44"]
[Result "0-1"]
[WhiteElo "1391"]
[BlackElo "1658"]

1. e4 e5 2. Nf3 Nc6 3. Bc4 Nh6 4. d4 d6 5. dxe5 Be7 6. Bxh6 gxh6 7. Qd5 Be6 8.
Qb5 a6 9. Qxb7 Na5 10. Bxe6 Nxb7 11. Nc3 fxe6 12. exd6 Nxd6 13. O-O-O Qb8 14.
Ne5 Qb7 15. f3 O-O-O 16. Na4 Qb5 17. f4 Qxa4 18. b3 Qxa2 19. Nc6 Nxe4 20. Nxe7+
Kb7 21. Rxd8 Qa1# 0-1

[Event "AUTO-INT-429"]
[Site "http://www.queenalice.com/game.php?id=267231"]
[Date "2007.9.5"]
[Round "2"]
[White "SGrillo"]
[Black "North44"]
[Result "1-0"]
[WhiteElo "1686"]
[BlackElo "1664"]

1. e4 e5 2. Nf3 Nc6 3. Bb5 Nf6 4. d3 a6 5. Bxc6 dxc6 6. h3 h6 7. O-O Qd6 8. Be3
Be6 9. Nc3 O-O-O 10. Na4 b6 11. Nc3 Ng4 12. hxg4 Bxg4 13. Nb1 Qg6 14. g3 Be7 15.
Kg2 h5 16. Nbd2 h4 17. Rg1 Be6 18. Nxe5 h3+ 19. Kh2 Qf6 20. Nxc6 Bc5 21. Nxd8
Kxd8 22. Bxc5 bxc5 23. c3 Qxf2+ 24. Kh1 h2 25. Rg2 Qf6 26. Rxh2 Rxh2+ 27. Kxh2
Qf2+ 28. Kh1 Qxg3 29. Qg1 Qxd3 30. Qf2 f6 31. Rg1 Qh3+ 32. Qh2 Qh6 33. Qxh6 gxh6
34. Rg6 Bxa2 35. Rxf6 Kd7 36. Rxa6 Be6 37. Nf3 1-0

[Event "AUTO-INT-429"]
[Site "http://www.queenalice.com/game.php?id=267232"]
[Date "2007.9.5"]
[Round "2"]
[White "North44"]
[Black "SGrillo"]
[Result "0-1"]
[WhiteElo "1649"]
[BlackElo "1701"]

1. e4 e5 2. Nf3 d6 3. Nc3 Bg4 4. Bc4 h6 5. h3 Bxf3 6. Qxf3 Qf6 7. Nd5 Qxf3 8.
gxf3 Kd7 9. b3 c6 10. Nb4 f6 11. Bf7 Ne7 12. O-O Nc8 13. Bh5 Be7 14. Bg4+ Kd8
15. Be6 a5 16. Nd3 Nd7 17. b4 a4 18. a3 b5 19. f4 Nf8 20. Bg4 Nb6 21. fxe5 fxe5
22. f4 exf4 23. Nxf4 Bg5 24. Ng2 Ng6 25. h4 Bf6 26. Rb1 Ke7 27. d3 Rhf8 28. Be3
Nd7 29. h5 Nge5 30. Bh3 Rf7 31. Nf4 Bg5 32. Ng6+ Nxg6 33. hxg6 Bxe3+ 34. Kg2
Rxf1 35. Rxf1 Rf8 36. Bxd7 Rxf1 37. Kxf1 Kxd7 0-1

[Event "AUTO-INT-429"]
[Site "http://www.queenalice.com/game.php?id=267235"]
[Date "2007.9.5"]
[Round "2"]
[White "North44"]
[Black "tewald"]
[Result "0-1"]
[WhiteElo "1674"]
[BlackElo "1823"]

1. e4 e6 2. g3 d5 3. Bg2 Nf6 4. d3 c5 5. Na3 a6 6. e5 Nfd7 7. Nf3 Be7 8. O-O O-O
9. c3 b5 10. c4 b4 11. Nb1 Bb7 12. d4 dxc4 13. Qe2 Bd5 14. Nbd2 Nb6 15. dxc5
Bxc5 16. b3 cxb3 17. Nxb3 Na4 18. Nxc5 Nxc5 19. Be3 Ne4 20. Nh4 Nc3 21. Qh5 g6
22. Qh6 f6 23. exf6 Qxf6 24. Rfe1 Bxg2 25. Kxg2 Nd7 26. f4 Nd5 27. Rad1 Nxe3+
28. Rxe3 Ra7 29. Nf3 a5 30. a3 bxa3 31. Rxa3 Qb2+ 32. Rd2 Qxa3 33. Kh3 Qxf3 34.
Qh4 Nf6 35. Qg5 Ne4 36. Rg2 Nxg5+ 0-1

[Event "AUTO-INT-429"]
[Site "http://www.queenalice.com/game.php?id=267236"]
[Date "2007.9.5"]
[Round "2"]
[White "tewald"]
[Black "North44"]
[Result "1-0"]
[WhiteElo "1774"]
[BlackElo "1686"]

1. e4 e5 2. d3 Nf6 3. f4 Bd6 4. f5 h5 5. h3 Bc5 6. Nf3 Nc6 7. a4 d5 8. Nc3 dxe4
9. dxe4 O-O 10. Qe2 a5 11. Bd2 Nb4 12. O-O-O Nh7 13. Nxe5 Ng5 14. Qxh5 Nxe4 15.
Nxe4 Qe8 16. Nxc5 Qxe5 17. Nd3 Qe8 18. b3 Nxd3+ 19. Bxd3 Qe5 20. Kb1 Rd8 21. g4
Kf8 22. Rhe1 Qf6 23. Bg5 g6 24. Bxf6 gxh5 25. Bxd8 1-0